Langenscheidt Universal-Wörterbuch slowakisch - deutsch, deutsch - slowakisch : mit Reisetipps

Bibliographic Details
Other Authors: Menauer, Karin (Compiler)
Format: Book
Language:German
Slovak
PhysicalDescription:432 strán 11 cm
Published: Stuttgart Langenscheidt 2023
ISBN:9783125144828
Edition:1. Auflage
Subjects:

MARC

LEADER 00000cam a2200000 4500
001 vtls012247700
003 SK-MaSNL
005 20260301032935.0
008 240112s2023 gw f d 000 0 ger
015 |a SNBZSA2024/05 
020 |a 9783125144828  |q (viazané) 
040 |a SNK  |b slo  |c SNK  |e rda 
041 0 |a ger  |a slo 
044 |a gw  |c DE 
072 7 |a 811.112.2  |x Nemčina  |2 konspekt 
072 7 |a 811.162.4  |x Slovenčina  |2 konspekt 
080 |a 811.112.2  |2 2011 
080 |a 811.162.4  |2 2011 
080 |a (038)81  |2 2011 
245 0 0 |a Langenscheidt Universal-Wörterbuch slowakisch - deutsch, deutsch - slowakisch : mit Reisetipps  |c bearbeitet von: Karin Menauer 
250 |a 1. Auflage 
264 1 |a Stuttgart  |b Langenscheidt  |c 2023 
300 |a 432 strán  |c 11 cm 
336 |a text  |b txt  |2 rdacontent 
337 |a bez média  |b n  |2 rdamedia 
338 |a zväzok  |b nc  |2 rdacarrier 
650 0 7 |a nemčina  |2 SNKPH  |9 1384 
650 0 7 |a German language  |2 SNKPHeng  |9 278149 
650 0 7 |a slovenčina  |2 SNKPH  |9 1350 
650 0 7 |a Slovak language  |2 SNKPHeng  |9 266031 
655 7 |a jazykové slovníky  |2 SNKPH  |9 70525 
655 7 |a Language dictionaries  |2 SNKPH  |9 301375 
700 1 |a Menauer, Karin  |4 com  |9 331138 
852 |a Slovenská národná knižnica 
919 |a 978-3-12-514482-8 
954 |a odborná, vedecká literatúra cudzojazyčná (svetová)  |2 lita 
954 |a odborná, vedecká literatúra pôvodná (slovenská)  |2 lita 
958 |a ZS 
999 |c 579238  |d 581168 
952 |a SNK  |b SNK  |y PREZ  |7 0  |p 17A1544034  |o snkSE 14307  |i snk2024/9351  |8 4  |g 15.40  |0 0  |1 0  |4 0  |d 2024-01-12  |l 0  |r 2026-02-23 14:45:28  |w 2026-02-23